[Event "IECC CL3-2009.03 email"]
[Site "IECC email"]
[Date "2009.05.02"]
[Round "?"]
[White "Jordaan, Wayne"]
[Black "Morozov, Alexandr Petrovich"]
[Result "1/2-1/2"]
[WhiteElo "1794"]
[BlackElo "1833"]
[PlyCount "111"]
[EventDate "2009.??.??"]
[EventType "tourn (corr)"]
[EventRounds "4"]
[SourceTitle "Telechess CBM 137"]
[Source "ChessBase"]
[SourceDate "2010.07.15"]
[SourceVersion "1"]
[SourceVersionDate "2010.07.15"]
[SourceQuality "1"]
[WhiteTeam "South Africa"]
[BlackTeam "Kyrgyzstan"]
[WhiteTeamCountry "RSA"]
[BlackTeamCountry "KGZ"]

1. d4 f5 2. g3 Nf6 3. Bg2 g6 4. c4 Bg7 5. Nf3 0-0 6. 0-0 d6 7. Nc3 c6 8. d5 e5 9. dxe6 Bxe6 10. b3 Na6 11. Ng5 Bc8 12. Bb2 Nc5 13. Qc2 Ng4 14. Qd2 Re8 15. Kh1 Ne3 16. fxe3 Qxg5 17. Qxd6 Qxe3 18. Rad1 Be5 19. Qd2 Qxd2 20. Rxd2 a5 21. Kg1 Bf6 22. h4 Bg7 23. Nd1 Bh6 24. e3 Bf8 25. Bc3 a4 26. b4 Ne4 27. Bxe4 Rxe4 28. c5 Re8 29. Bd4 Be6 30. Nc3 Bc4 31. Rc1 Bh6 32. Kf2 Rad8 33. Rcc2 a3 34. Nb1 Rxd4 35. exd4 Bxd2 36. Rxd2 Ra8 37. Rc2 Bd3 38. Rc1 Ra4 39. Ke3 Ba6 40. Rc3 Rxb4 41. Nxa3 Ra4 42. Nc2 Rxa2 43. Kf4 Kf7 44. Ke5 Rb2 45. d5 cxd5 46. Kxd5 Bf1 47. Ke5 Bg2 48. Nd4 Ra2 49. Rd3 Ra1 50. Rd2 Bh1 51. Ne2 Ra3 52. Rd7+ Ke8 53. Rd2 Ke7 54. Kd4 Ra4+ 55. Kc3 Bc6 56. Rd6 1/2-1/2